000 01352nam a2200277Ia 4500
003 OSt
005 20211104170216.0
008 210310s1963 sp fr 000 0 spa d
040 _aCO-JMCR
_cCO-JMCR
041 1 _aspa
_heng
082 0 4 _a338.9 /
_bO419e
_223
100 1 _aOkun, Bernard,
_918071
_eautor
245 1 0 _aEstudios sobre desarrollo económico /
_cBernard Okun y Richard W. Richardson ; traducido por Demetrio Iparraguirre, S.J
260 _aBilbao :
_bEdiciones Deusto,
_c1964
300 _a573 páginas ;
_c23 cm.
490 0 _aColección economía
500 _aIncluye notas a pie de página. Título original: Studies in the economic development
504 _aBibliografía: páginas [571]-573
505 0 _aLos países desarrollados: Teorías y modelos de desarrollo -- Los países subdesarrollados: Planteamientos modernos del desarrollo -- Características de las economías en desarrollo -- Problemas de significación y de medidas -- Tierra, trabajo, capital y función empresarial -- Valores e instituciones -- Políticas y planes de desarrollo
546 _aTraducido del inglés.
650 1 4 _aDesarrollo económico
_918073
650 2 4 _aPolíticas y planes de desarrollo
_941424
700 1 _aRichardson, Richard W.,
_eautor
_941425
700 1 _aS.J, Demetrio Iparraguirre,
_etraductor
_941426
942 _2ddc
_cBK
999 _c8714
_d8714